Africa, tropical timber, turfs and trade geographic perspectives on Ghana's timber industry and development /

Bibliographic Details
Main Author: Owusu, J. Henry 1953-
Corporate Author: ProQuest (Firm)
Format: Electronic eBook
Language:English
Published: Lanham, Md. : Lexington Books, 2012.
Subjects:
Online Access:Click to View
LEADER 01595nam a2200409Ia 4500
001 EBC1013593
003 MiAaPQ
005 20200520144314.0
006 m o d |
007 cr cn|||||||||
008 120503s2012 mdu sb 001 0 eng d
010 |z  2012018318 
020 |z 9780739174012 (cloth : alk. paper) 
020 |a 9780739174029 (electronic bk.) 
035 |a (MiAaPQ)EBC1013593 
035 |a (Au-PeEL)EBL1013593 
035 |a (CaPaEBR)ebr10595661 
035 |a (CaONFJC)MIL389646 
035 |a (OCoLC)850193216 
040 |a MiAaPQ  |c MiAaPQ  |d MiAaPQ 
050 4 |a HD9767.G42  |b O98 2012 
082 0 4 |a 338.1749809667  |2 23 
100 1 |a Owusu, J. Henry  |q (John Henry),  |d 1953- 
245 1 0 |a Africa, tropical timber, turfs and trade  |h [electronic resource] :  |b geographic perspectives on Ghana's timber industry and development /  |c J. Henry Owusu. 
260 |a Lanham, Md. :  |b Lexington Books,  |c 2012. 
300 |a xxv, 256 p. 
504 |a Includes bibliographical references and index. 
533 |a Electronic reproduction. Ann Arbor, MI : ProQuest, 2015. Available via World Wide Web. Access may be limited to ProQuest affiliated libraries. 
650 0 |a Timber  |x Economic aspects  |z Ghana. 
650 0 |a Lumber trade  |z Ghana. 
650 0 |a Neoliberalism  |z Ghana. 
650 0 |a Structural adjustment (Economic policy)  |z Ghana. 
651 0 |a Ghana  |x Economic policy. 
651 0 |a Ghana  |x Economic conditions. 
655 4 |a Electronic books. 
710 2 |a ProQuest (Firm) 
856 4 0 |u https://ebookcentral.proquest.com/lib/matrademy/detail.action?docID=1013593  |z Click to View